000
00308nam a22001217a 4500
020
_a
7296967
082
_a
001.61 BED
100
_a
Bedworth, David D"
245
_a
Industrial systems, planning, analysis, control
260
_a
New York
_b
Ronald Press
_c
1973
300
_a
"x, 504 p. : ill. ; 23
942
_c
BK
999
_c
20525
_d
20525